| 000 | 00688cam a22002413a 4500 | ||
|---|---|---|---|
| 001 | 2146 | ||
| 003 | PGUSA | ||
| 005 | 20140828083011.0 | ||
| 008 | 000401s2000||||xxu|||||s|||||000 | eng d | ||
| 040 |
_aPGUSA _beng |
||
| 042 | _adc | ||
| 050 | 4 | _aPT | |
| 100 | 1 |
_aGoethe, Johann Wolfgang von, _d1749-1832 |
|
| 245 | 1 | 0 |
_aEgmont _h[electronic resource] / _cJohann Wolfgang von Goethe |
| 260 |
_bProject Gutenberg, _c2000 |
||
| 506 | _aPublic domain in the USA. | ||
| 516 | _aElectronic text | ||
| 653 | _aTragedies | ||
| 653 | _aEgmont, Lamoraal, Graaf van, 1522-1568 -- Drama | ||
| 830 | 0 |
_aProject Gutenberg _v2146 |
|
| 856 | 4 | 0 | _uhttp://www.gutenberg.org/ebooks/2146 |
| 942 | _cEB | ||
| 999 |
_c231484 _d231484 |
||